Diseño de un sistema de gestión de inventarios para una empresa de industria médica
Salvato in:
| Autore principale: | |
|---|---|
| Altri autori: | , |
| Natura: | Libro |
| Lingua: | Spanish |
| Pubblicazione: |
[San José, Costa Rica]
2016
|
| Soggetti: | |
| Tags: |
Aggiungi Tag
Nessun Tag, puoi essere il primo ad aggiungerne!!
|
MARC
| LEADER | 00000nam a22000007a 4500 | ||
|---|---|---|---|
| 003 | 012513 | ||
| 005 | 20221231144138.0 | ||
| 008 | 170123b2016 cr a|||| m||| 00| ||spa d | ||
| 040 | |c cru CEDI | ||
| 090 | |a TFG 7664 | ||
| 100 | |9 6476 |a García Madrigal, Mónica | ||
| 245 | |a Diseño de un sistema de gestión de inventarios para una empresa de industria médica | ||
| 260 | |a [San José, Costa Rica] |c 2016 | ||
| 300 | |a xviii, 138; ilustraciones a color | ||
| 500 | |a Proyecto de graduación (licenciatura en ingeniería industrial)--Universidad de Costa Rica. Facultad de Ingeniería. Escuela de Ingeniería Industrial | ||
| 650 | |x CONTROL DE INVENTARIOS |x ANALISIS DE COSTOS |x SERVICIO AL CLIENTE |x ADMINISTRACION DE LA PRODUCCION |x CONTROL DE PROCESOS |x PLANIFICACION DE LA PRODUCCION |x METODO DE MONTECARLO |9 6479 | ||
| 700 | |9 6477 |a Jiménez Monge, Rafael | ||
| 700 | |9 6478 |a Moreira Víquez, Alberto | ||
| 942 | |c TFG | ||
| 999 | |c 17551 |d 17551 | ||
